000 aam a22 a 4500
999 _c3019
_d3019
003 AKMAL
005 20170519091035.0
008 170519s1986 us a 00 eng d
020 _a0030037573
082 _a658 BED
090 0 0 _a658
_bBED
100 1 _aBedeian, Arthur G.
_96301
245 1 0 _aManagement /
_cArthur G.Bedeian
260 _aChicago, Ill. :
_bDryden Press,
_c1986
300 0 0 _a665p. :
_bill. ;
_c26cm.
490 0 _aThe Dryden Press series in management
650 0 _aManagement
_91462
942 _2ddc
_cBOOK